000 00492nam a2200169Ia 4500
005 20250518102529.0
008 240825s9999 xx 000 0 und d
020 _a9788180942075
_qhbk
082 _a305.5
_bTHU
100 _aThurston, Edgar
245 0 _aCastes and Tribes of Southern India
_c/Edgar Thurston
250 _a1st edition
260 _bMJP Publishers
_cc2023
_aNew Delhi
300 _a336 p.
_c25 cm.
650 _aHistory ; Caste India, South ; RELIGION.
942 _cENGLISH
999 _c547317
_d547317